000 00372 a2200169 4500
001 126240
020 _a9788541801041
040 _cEscola Canadense de Niteroi
090 _aTeachers
100 _aCristiane Motta
245 1 0 _aAprender Juntos Ciências 3° ano
250 _a4 ed.
260 _aSão Paulo
362 0 _a2013
650 4 _aCiências
942 _cBK
999 _c126240
_d126240